Les 15 pays qui consomment le plus de whisky - Statistiques

Statistiques générales
  • Ce quiz a été pris 418 fois
  • Le résultat moyen est 9 sur 15
Statistiques - réponses
Classement Pays Litres par habitant % Correct
1er France 2,15
99%
3e Etats-Unis 1,41
95%
7e Royaume-Uni 1,25
93%
10e Canada 1,19
87%
5e Espagne 1,29
87%
8e Irlande 1,24
87%
13e Belgique 0,88
80%
4e Australie 1,30
75%
15e Suède 0,86
65%
9e Inde 1,24
53%
14e Nouvelle-Zélande 0,87
53%
11e Afrique du Sud 0,93
37%
2e Uruguay 1,77
13%
6e Emirats arabes unis 1,27
8%
12e Venezuela 0,93
8%
Aucun quiz correspondant
Distribution des résultats
% des personnes avec chaque résultat
Percentile par nombre de réponses
Votre historique - résultats
Vous n’avez pas pris ce quiz